Civil engineering Objective type / (Record no. 3169)
[ view plain ]
| 000 -LEADER | |
|---|---|
| fixed length control field | 00346cam a2200133ua 4500 |
| 082 ## - DEWEY DECIMAL CLASSIFICATION NUMBER | |
| Classification number | 624 |
| Item number | DEV/CI |
| 100 ## - MAIN ENTRY--AUTHOR NAME | |
| Personal name | Dev, R . |
| 245 ## - TITLE STATEMENT | |
| Title | Civil engineering Objective type / |
| 250 ## - EDITION STATEMENT | |
| Edition statement | 1 / |
| 260 ## - PUBLICATION, DISTRIBUTION, ETC. (IMPRINT) | |
| Place of publication | New Delhi 110005 : |
| Name of publisher | New Heights, 1367/21,Hari singh Nalwa street Karol Bagh , |
| Year of publication | 1951. |
| 300 ## - PHYSICAL DESCRIPTION | |
| Number of Pages | 382 ; . |
| 500 ## - GENERAL NOTE | |
| General note | *CSS |
| 942 ## - ADDED ENTRY ELEMENTS (KOHA) | |
| Koha item type | Books |
| Withdrawn status | Lost status | Damaged status | Collection code | Home library | Current library | Shelving location | Date acquired | Full call number | Accession Number | Koha item type |
|---|---|---|---|---|---|---|---|---|---|---|
| Non-fiction | KAUAET | KAUAET | Scheme | 19/01/2013 | 624 DEV/CI | 17973 | Books | |||
| KAUAET | KAUAET | Scheme | 11/09/2018 | 624 DEV/CI | 17972 | Books |
